Tous les cyclistes italiens du Tour de France (2010-....) - Statistiques

Statistiques générales
  • Ce quiz a été pris 100 fois
    62 depuis la dernière actualisation
  • Le résultat moyen est 24 sur 79
Statistiques - réponses
Nb de Tours Equipes Cycliste Meilleur classement Victoire(s) d'étape % Correct
7 Liquigas, Astana, Bahrain, Trek Vincenzo Nibali 1er 6
100%
7 BMC, Bahrain Damiano Caruso 10e
80%
2 Katusha Giampaolo Caruso 37e
80%
4 Astana, UAE Emirates Fabio Aru 5e 1
74%
3 Quick Step, Cofidis Elia Viviani 130e 1
72%
6 Quick Step, Mitchelton, CCC Matteo Trentin 52e 3
70%
3 AG2R, Bahrain, NTT Domenico Pozzovivo 18e
65%
1 Ineos Filippo Ganna 95e
65%
2 Trek-Segafredo Giulio Ciccone 31e
65%
10 Liquigas, BMC, Bora, Total Daniel Oss 69e
61%
4 Liquigas, Tinkoff Ivan Basso 7e
57%
1 UAE Emirates Diego Ulissi 39e
54%
3 Lampre Damiano Cunego 6e
52%
2 Quick Step Mattia Cattaneo 12e
52%
4 Cannondale, Education First Alberto Bettiol 41e
50%
1 Deceuninck-Quick Step Davide Ballerini 108e
50%
2 UAE Emirates Davide Formolo 44e
50%
2 Dimension Data, NTT Giacomo Nizzolo Abandon
50%
5 Katusha, FDJ Jacopo Guarnieri 144e
48%
1 Quick Step-Alpha Vinyl Andrea Bagioli 98e
46%
3 Sky, Ineos, Astana Gianni Moscon 84e
46%
5 Bahrain Sonny Colbrelli 52e
46%
5 Cannondale, BMC, CCC Alessandro De Marchi 52e
44%
1 B&B Hotels-KTM Luca Mozzato 103e
41%
1 Cofidis Simone Consonni 112e
41%
1 Astana Simone Velasco 31e
41%
4 Lampre, Quick Step Alessandro Petacchi 107e 2
39%
4 Wanty-Groupe Gobert Andrea Pasqualon 51e
39%
5 Tinkoff, Movistar Daniele Bennati 96e
37%
3 Lampre, Astana Michele Scarponi 24e
37%
2 Direct Energie Niccolo Bonifazio 137e
37%
2 Astana, Movistar Dario Cataldo 80e
35%
5 Lampre, FDJ Davide Cimolai 137e
35%
2 Alpecin Kristian Sbaragli 71e
33%
1 Intermarché-Wanty-Gobert Lorenzo Rota 63e
33%
4 Footon, Trek, Astana Fabio Felline 65e
31%
1 DSM Alberto Dainese 100e
28%
3 AG2R Rinaldo Nocentini 12e
26%
1 Astana Enrico Gasparotto 95e
24%
1 BMC Alessandro Ballan 87e
20%
1 Bahrain-Merida Franco Pellizotti 80e
20%
1 Movistar Giovanni Visconti 37e
20%
6 Vacansoleil, Cannondale, UAE Emirates Marco Marcato 67e
20%
5 Saxo Bank, Tinkoff Matteo Tosatto 92e
20%
1 Tinkoff Oscar Gatto 156e
20%
5 Liquigas, Cannondale, Quick Step Fabio Sabatini 117e
19%
1 Cannondale Moreno Moser 94e
19%
2 Europcar Davide Malacarne 49e
17%
2 Astana, Arkéa Diego Rosa 37e
17%
3 Katusha Luca Paolini 108e
17%
1 Quick-Step Floors Gianluca Brambilla 53e
15%
5 Liquigas, BMC Manuel Quinziato 85e
15%
1 AG2R Matteo Montaguti 66e
15%
1 Lampre-Merida Sacha Modolo Abandon
15%
4 Lampre, Movistar Adriano Malori 91e
13%
1 Bora-Argon 18 Cesare Benedetti 128e
13%
1 Lampre-Merida Filippo Pozzato 125e
13%
2 Lampre, Astana Francesco Gavazzi 84e
13%
1 UAE Emirates Oliviero Troia 133e
13%
3 Liquigas, Astana Alessandro Vanotti 118e
11%
1 Footon-Servetto Eros Capecchi 83e
11%
2 Lampre, UAE Emirates Manuele Mori 76e
11%
3 Astana Paolo Tiralongo 54e
11%
2 Lampre, UAE Emirates Roberto Ferrari 138e
11%
1 BMC Ivan Santaromita 83e
9%
5 Lampre, UAE Emirates Matteo Bono 93e
9%
1 Cannondale Alan Marangoni 111e
7%
1 Lampre-Merida Elia Favilli 128e
6%
1 Lampre-ISD Leonardo Bertagnolli Abandon
6%
1 Lampre-Farnese Mauro Da Dalto 123e
6%
1 BMC Mauro Santambrogio Abandon
6%
1 Lampre-ISD Davide Vigano Abandon
4%
1 Liquigas-Cannondale Federico Canuti 114e
4%
1 Liquigas-Doimo Francesco Bellotti 122e
4%
1 Quick Step Francesco Reda Abandon
4%
1 Lampre-ISD Marco Marzano 80e
4%
1 Lampre-Farnese Mirco Lorenzetto 166e
4%
1 Liquigas-Cannondale Paolo Longo Borghini 126e
4%
1 Lampre-ISD Simone Stortoni 69e
4%
Aucun quiz correspondant
Distribution des résultats
% des personnes avec chaque résultat
Percentile par nombre de réponses
Votre historique - résultats
Vous n’avez pas pris ce quiz depuis la dernière actualisation